000 00277nam a22001097a 4500
008 240719b |||||||| |||| 00| 0 eng d
100 _aNand Lal
_917260
245 _aGajlaan Bhai Nand Lal
260 _aChnadigarh:
_bGuru Govind Singh Foundation;
_c-
300 _a-
942 _cBK
999 _c38888
_d38888